书目信息 |
| 题名: |
身体训练一千四百例
|
|
| 作者: | 胡祖荣 编著 | |
| 分册: | ||
| 出版信息: | 北京 人民体育出版社 1980 |
|
| 页数: | 530页 | |
| 开本: | 20cm | |
| 丛书名: | ||
| 单 册: | ||
| 中图分类: | G806 | |
| 科图分类: | ||
| 主题词: | 体育理论 | |
| 电子资源: | ||
| ISBN: | ||
| 000 | 00539nam0 2200193 450 | |
| 001 | 0659325077 | |
| 005 | 20060815162946.46 | |
| 010 | @dCNY1.70 | |
| 100 | @a20060815d1980 km y0chiy0120 ea | |
| 101 | 0 | @achi |
| 102 | @aCN@b110000 | |
| 200 | 1 | @a身体训练一千四百例@Ashen ti xun lian yi qian si bai li@f胡祖荣编著@Fhu zu rong bian zhu |
| 210 | @a北京@c人民体育出版社@d1980 | |
| 215 | @a530页@c图@d20cm | |
| 606 | 0 | @a体育理论 |
| 690 | @aG806@v3 | |
| 701 | 0 | @a胡祖荣@Ahu zu rong@4编著 |
| 801 | 0 | @aCN@bPFT@c20060815 |
| 905 | @a10447@dG806@e170 | |
| 身体训练一千四百例/胡祖荣编著.-北京:人民体育出版社,1980 |
| 530页:图;20cm |
| ISBN :CNY1.70 |
| ● |
| 相关链接 |
|
|
|
|
正题名:身体训练一千四百例
索取号:G806/170
 
预约/预借
| 序号 | 登录号 | 条形码 | 馆藏地/架位号 | 状态 | 备注 |
| 1 | 0029321 | 000998763 | 第一样本阅览室/ [索取号:G806/170] | 在馆 | |
| 2 | 0460360 | 204603606 | 密集书库/ [索取号:G806/170] | 在馆 |